LEADER 00859nam0-22002891i-450- 001 990004680750403321 005 20150213155446.0 035 $a000468075 035 $aFED01000468075 035 $a(Aleph)000468075FED01 035 $a000468075 100 $a19990604d1966----km-y0itay50------ba 101 0 $aita 105 $ay-------001yy 200 1 $aRepubblica$elibro X$fPlatone$gstudio introduttivo testo greco e commento a cura di Mario Untersteiner 210 $aNapoli$cLoffredo$d1966 215 $a335 p.$d24 cm 500 10$aRes publica.$h10.$912978 700 0$aPlato$f<427-347 a. C.>$0292329 702 1$aUntersteiner,$bMario$f<1899-1981> 801 0$aIT$bUNINA$gRICA$2UNIMARC 901 $aBK 912 $a990004680750403321 952 $aFCL 2043$bIst.Fil.cl. 1739$fFLFBC 959 $aFLFBC 996 $aRes publica$912978 997 $aUNINA LEADER 01089nam0 22002771i 450 001 SUN0068291 005 20090323120000.0 010 $a88-7835-147-4 100 $a20090323d1992 |0itac50 ba 101 $aita 102 $aIT 105 $a|||| ||||| 200 1 $aEsuli$el'emigrazione politica italiana in Francia, 1792-1802$fAnna Maria Rao$gprefazione di Giuseppe Galasso 210 $aNapoli$cGuida$d[1992] 215 $aXIV, 615 p.$d23 cm. 410 1$1001SUN0068293$12001 $aˆL'‰altra Europa$v9$1210 $aNapoli$cGuida. 620 $dNapoli$3SUNL000005 676 $a944.042$v21 700 1$aRao$b, Anna Maria$3SUNV037821$09780 712 $aGuida$3SUNV000318$4650 801 $aIT$bSOL$c20181109$gRICA 912 $aSUN0068291 950 $aUFFICIO DI BIBLIOTECA DEL DIPARTIMENTO DI LETTERE E BENI CULTURALI$d07 CONS Ve 1817 $e07 798 995 $aUFFICIO DI BIBLIOTECA DEL DIPARTIMENTO DI LETTERE E BENI CULTURALI$bIT-CE0103$h798$kCONS Ve 1817$oc$qa 996 $aEsuli$963012 997 $aUNICAMPANIA